000 00224nam a2200097Ia 4500
008 240331s9999 xx 000 0 und d
082 _bKES
100 _aKesavan, K
245 0 _aThiravida Iyakkamum molik kolkaiyum
942 _cL
999 _c1453
_d1453